Normal view
MARC view
- Project Supervisor Dr Sarmad Majeed Malik
Entry Corporate Name
001 - CONTROL NUMBER
- control field: 86209
003 - CONTROL NUMBER IDENTIFIER
- control field: NUST
005 - DATE AND TIME OF LATEST TRANSACTION
- control field: 20211209114023.0
008 - FIXED-LENGTH DATA ELEMENTS
- fixed length control field: 211209|| aca||aabn | a|a d
040 ## - CATALOGING SOURCE
- Original cataloging agency: NUST
- Transcribing agency: NUST
110 ## - HEADING--CORPORATE NAME
- Corporate name or jurisdiction name as entry element: Project Supervisor Dr Sarmad Majeed Malik
670 ## - SOURCE DATA FOUND
- Source citation: Work cat.: (NUST): Hafiz Umer Habib Sulaiman Haider Hamza Muneer Muhammad Usama 86208, PR-SOF-2074-Implementation of Static Transfer Switch on a DC-Micro-Grid, 2021.
